000 004350000a22001810004500
003 MACL
005 20150819163716.0
008 150819b xxu||||| |||| 00| 0 eng d
040 _aMACL
_cMACL
041 _aEnglish
082 _a590/CHA
100 _aChaturvedi, M. D.
_96334
245 _aPanther On The Prowl
260 _bNatioal Book Trust
_c1969
_aNew Delhi
350 _a3.25
650 _aAnimal
_96331
942 _cBK
_k590
_2ddc
999 _c7796
_d7796